High vacuum technique (Record no. 1137)

MARC details
000 -LEADER
fixed length control field 00617nam a2200193Ia 4500
003 - CONTROL NUMBER IDENTIFIER
control field IN-BaIIA
008 - FIXED-LENGTH DATA ELEMENTS--GENERAL INFORMATION
fixed length control field 211028s9999 xx 000 0 eng d
040 ## - CATALOGING SOURCE
Transcribing agency IIA Library
080 ## - UNIVERSAL DECIMAL CLASSIFICATION NUMBER
Universal Decimal Classification number 533.5
Item number YAR
100 ## - MAIN ENTRY--PERSONAL NAME
Personal name Yarwood, J.
9 (RLIN) 2393
245 #0 - TITLE STATEMENT
Title High vacuum technique
Remainder of title theory, practice, industrial applications and properties of materials
Statement of responsibility, etc. J. Yarwood
250 ## - EDITION STATEMENT
Edition statement 2nd ed.
260 ## - PUBLICATION, DISTRIBUTION, ETC.
Place of publication, distribution, etc. London
Name of publisher, distributor, etc. Chapman and Hall
Date of publication, distribution, etc. 1948
300 ## - PHYSICAL DESCRIPTION
Extent viii, 140p.
650 ## - SUBJECT ADDED ENTRY--TOPICAL TERM
Topical term or geographic name entry element High vacuum technique
9 (RLIN) 2394
650 ## - SUBJECT ADDED ENTRY--TOPICAL TERM
Topical term or geographic name entry element NASA Thesaurus
650 ## - SUBJECT ADDED ENTRY--TOPICAL TERM
Topical term or geographic name entry element Vacuum physics
9 (RLIN) 2238
942 ## - ADDED ENTRY ELEMENTS (KOHA)
Koha item type Books
Holdings
Withdrawn status Lost status Damaged status Not for loan Home library Current library Shelving location Date acquired Cost, normal purchase price Total Checkouts Full call number Barcode Date last seen Cost, replacement price Price effective from Koha item type Purchase Price
        IIA Library-Bangalore IIA Library-Bangalore General Stacks   8.75   533.5/ YAR 1196 05/11/2021 8.75   Books Rs. 8.75

Powered by Koha